The Communist Parties in Power and Agrarian Reforms in India : (Record no. 617194)

MARC details
000 -LEADER
fixed length control field 00547nam a2200193 a 4500
008 - FIXED-LENGTH DATA ELEMENTS--GENERAL INFORMATION
fixed length control field 260307s1993##################000#0#eng##
020 ## - INTERNATIONAL STANDARD BOOK NUMBER
ISBN 9788171880169
082 04 - DEWEY DECIMAL CLASSIFICATION NUMBER
Classification number 324.254075
Item number EAS
100 1# - MAIN ENTRY--AUTHOR NAME
Personal name Eashvaraiah, P.,
245 10 - TITLE STATEMENT
Title The Communist Parties in Power and Agrarian Reforms in India :
260 ## - PUBLICATION, DISTRIBUTION, ETC. (IMPRINT)
Name of publisher Academic Foundation,
Year of publication 1993.
300 ## - PHYSICAL DESCRIPTION
Number of Pages 252 pages
650 #0 - SUBJECT ADDED ENTRY--TOPICAL TERM
Topical Term Communist parties.
942 ## - ADDED ENTRY ELEMENTS (KOHA)
Koha item type English Books
Holdings
Withdrawn status Lost status Damaged status Not for loan Home library Current library Shelving location Date acquired Full call number Accession Number Price effective from Koha item type
        Anna Centenary Library Anna Centenary Library 3RD FLOOR, B WING 07.03.2026 324.254075 EAS 524251 07.03.2026 English Books

Find us on the map